[Event "Kurnosov Memorial 2019"]
[Site "?"]
[Date "2019.09.07"]
[Round "9.2"]
[White "Pridorozhni, Aleksei"]
[Black "Bareev, Evgeny"]
[Result "0-1"]
[WhiteElo "2572"]
[BlackElo "2664"]
[PlyCount "108"]
[EventDate "2019.??.??"]

1. e4 c5 2. Nc3 e6 3. Nf3 a6 4. g4 Nc6 5. Bg2 Qc7 6. O-O Nge7 7. Re1 Ng6 8. d4
cxd4 9. Nd5 exd5 10. exd5+ Be7 11. dxc6 dxc6 12. Nxd4 O-O 13. Nf5 Bf6 14. c3
Be6 15. Be3 Rad8 16. Qa4 Be5 17. h3 Nf4 18. Bxf4 Bxf4 19. Nd4 Bd7 20. Qb3 g6
21. Re2 Rfe8 22. Rae1 Rxe2 23. Rxe2 Bd6 24. Bf3 Bc8 25. Qc4 Bf8 26. Kg2 Qf4 27.
Re4 Qd6 28. Qe2 Bd7 29. Nc2 Bg7 30. Ne3 Be6 31. Nc4 Qc7 32. a3 b5 33. Ne5 Bd5
34. Re3 Bh6 35. Bxd5 Rxd5 36. c4 bxc4 37. Re4 f5 38. Qxc4 fxe4 39. Nxc6 Qf7 40.
Qxd5 Qxd5 41. Ne7+ Kf7 42. Nxd5 Bc1 43. b3 Bxa3 44. Nc3 Ke6 45. Nxe4 Ke5 46.
Ng5 Kd4 47. Nxh7 Kc3 48. Nf6 Kxb3 49. h4 a5 50. h5 gxh5 51. gxh5 a4 52. h6 Bb2
53. Ne4 a3 54. Nd2+ Kb4 0-1

[Event "Kurnosov Memorial 2019"]
[Site "?"]
[Date "2019.09.07"]
[Round "9.3"]
[White "Romanov, Evgeny"]
[Black "Bocharov, Dmitry"]
[Result "0-1"]
[WhiteElo "2565"]
[BlackElo "2643"]
[PlyCount "76"]
[EventDate "2019.??.??"]

1. d4 Nf6 2. Nf3 d6 3. Bg5 Nbd7 4. Nbd2 e5 5. dxe5 dxe5 6. Nc4 h6 7. Bh4 e4 8.
Nd4 Nb6 9. e3 Be7 10. Qd2 O-O 11. O-O-O Nbd5 12. Be2 a6 13. Ne5 c5 14. Nb3 Qc7
15. Bg3 Bd6 16. Bc4 Bxe5 17. Bxe5 Qxe5 18. Bxd5 Bg4 19. Bxb7 Ra7 20. f3 Rxb7
21. fxg4 c4 22. Nd4 Rc8 23. c3 Qa5 24. a3 Nxg4 25. Qc2 Qb6 26. Rd2 Ne5 27. Qxe4
Nd3+ 28. Kd1 Nxb2+ 29. Ke2 Na4 30. Rc1 Nc5 31. Qg4 Rd8 32. Rcd1 Qf6 33. Nf5
Rxd2+ 34. Rxd2 Nd3 35. Qe4 Rb1 36. g4 Re1+ 37. Kf3 g6 38. Qxc4 Ne5+ 0-1

[Event "Kurnosov Memorial 2019"]
[Site "?"]
[Date "2019.09.07"]
[Round "9.4"]
[White "Shaposhnikov, Evgeny"]
[Black "Sivuk, Vitaly"]
[Result "0-1"]
[WhiteElo "2594"]
[BlackElo "2538"]
[PlyCount "82"]
[EventDate "2019.??.??"]

1. Nf3 d5 2. d4 Nf6 3. c4 e6 4. e3 a6 5. b3 c5 6. Bb2 cxd4 7. exd4 Nc6 8. Nbd2
g6 9. Bd3 Bg7 10. O-O O-O 11. c5 Nd7 12. Qb1 f6 13. a3 e5 14. b4 e4 15. Bxe4
dxe4 16. Nxe4 Kh8 17. Nd6 Nb6 18. Qa2 Na4 19. Rae1 Nxb2 20. Qxb2 Bg4 21. Qb3
Qd7 22. d5 Bxf3 23. Qxf3 Nd4 24. Qd3 f5 25. Re3 Nb5 26. Nc4 Rae8 27. Rfe1 Rxe3
28. Rxe3 f4 29. Re6 Nd4 30. Nb6 Qd8 31. Re4 f3 32. Qe3 Ne2+ 33. Kf1 fxg2+ 34.
Kxg2 Nc3 35. Rf4 Re8 36. Qf3 Be5 37. Rf7 Qg5+ 38. Kh1 Bg7 39. Qg3 Qc1+ 40. Kg2
Ne2 41. Qf3 Qg5+ 0-1

[Event "Kurnosov Memorial 2019"]
[Site "?"]
[Date "2019.09.07"]
[Round "9.6"]
[White "Yakovich, Yuri"]
[Black "Ponkratov, Pavel"]
[Result "0-1"]
[WhiteElo "2514"]
[BlackElo "2669"]
[PlyCount "68"]
[EventDate "2019.??.??"]

1. d4 Nf6 2. c4 e6 3. Nc3 c5 4. d5 exd5 5. cxd5 g6 6. Nf3 Bg7 7. Bf4 d6 8. Qa4+
Bd7 9. Qb3 O-O 10. Bxd6 Ba4 11. Qxa4 Qxd6 12. Rd1 Nbd7 13. Qc2 a6 14. a4 Rfe8
15. e3 Rac8 16. Be2 c4 17. O-O Qb4 18. Rd4 Nb6 19. Rfd1 Nfd7 20. Rf4 f5 21. g4
fxg4 22. Rxg4 Rf8 23. Ng5 Ne5 24. Rg3 Qb3 25. Qxb3 cxb3 26. Ne6 Rxc3 27. bxc3
Nxa4 28. e4 Rc8 29. c4 b2 30. d6 b5 31. Nxg7 bxc4 32. Nf5 c3 33. d7 Rd8 34. Nd4
Rxd7 0-1

[Event "Kurnosov Memorial 2019"]
[Site "?"]
[Date "2019.09.07"]
[Round "9.7"]
[White "Sveshnikov, Evgeny"]
[Black "Kokarev, Dmitry"]
[Result "1/2-1/2"]
[WhiteElo "2449"]
[BlackElo "2665"]
[PlyCount "84"]
[EventDate "2019.??.??"]

1. e4 c5 2. c3 Nf6 3. e5 Nd5 4. Bc4 Nb6 5. Bb3 c4 6. Bc2 d6 7. exd6 Qxd6 8. Nf3
Qe6+ 9. Qe2 Qxe2+ 10. Kxe2 Nc6 11. d4 cxd3+ 12. Bxd3 Bg4 13. h3 Bxf3+ 14. Kxf3
Ne5+ 15. Ke2 Nxd3 16. Kxd3 e6 17. Ke2 O-O-O 18. Be3 Nc4 19. b3 Nxe3 20. fxe3 g6
21. Nd2 Bg7 22. Ne4 Kd7 23. Rad1+ Ke7 24. c4 f5 25. Nc5 b6 26. Na6 Rxd1 27.
Rxd1 Rd8 28. Rxd8 Kxd8 29. b4 Kd7 30. Kd3 Bf8 31. a4 Kc6 32. b5+ Kd6 33. Nb8
Kc7 34. Nc6 a5 35. Nd4 Kd7 36. Nb3 Bb4 37. Kd4 Kd6 38. e4 e5+ 39. Ke3 h5 40.
Kf3 Ba3 41. g4 hxg4+ 42. hxg4 f4 1/2-1/2

[Event "Kurnosov Memorial 2019"]
[Site "?"]
[Date "2019.09.07"]
[Round "9.10"]
[White "Gutenev, Alexander"]
[Black "Zhalmakhanov, Ramazan"]
[Result "0-1"]
[WhiteElo "2516"]
[BlackElo "2429"]
[PlyCount "126"]
[EventDate "2019.??.??"]

1. e4 c5 2. Nf3 d6 3. d4 cxd4 4. Nxd4 Nf6 5. Nc3 Bd7 6. Be2 Nc6 7. Be3 Rc8 8.
g4 h5 9. g5 Ng4 10. Bxg4 hxg4 11. Nxc6 bxc6 12. Qd2 Qa5 13. O-O-O Rh3 14. Kb1
Rb8 15. Ne2 Qxd2 16. Rxd2 g6 17. c4 Bg7 18. c5 Be5 19. Bf4 Bxf4 20. Nxf4 Rf3
21. Ng2 Rb4 22. Re1 dxc5 23. Kc1 Be6 24. a3 Rc4+ 25. Kb1 Rd4 26. Rc2 c4 27. Kc1
c5 28. Ree2 Rh3 29. Nf4 Rxh2 30. Rc3 Rh1+ 31. Kc2 Bd7 32. b3 cxb3+ 33. Kxb3
Ba4+ 34. Kb2 c4 35. Rce3 e6 36. Kc3 Rhd1 37. Re1 e5 38. Rxd1 Bxd1 39. Nd5 Kd7
40. Kb4 Bf3 41. Re1 Kc6 42. Nc3 Rd2 43. Rf1 Rc2 44. Rg1 Rxf2 45. Kxc4 Rd2 46.
Rf1 Kd6 47. a4 Ke6 48. Rg1 Rd4+ 49. Kc5 Rd3 50. Nb5 Rd7 51. a5 a6 52. Nc3 Rc7+
53. Kb4 Rb7+ 54. Kc5 Rc7+ 55. Kb4 Rc6 56. Na4 f5 57. gxf6 Kxf6 58. Nb6 Kg5 59.
Nd7 Kf4 60. Nc5 Rd6 61. Kc3 Be2 62. Re1 Kf3 63. Nb3 Kf2 0-1

[Event "Kurnosov Memorial 2019"]
[Site "?"]
[Date "2019.09.08"]
[Round "10.1"]
[White "Bareev, Evgeny"]
[Black "Bocharov, Dmitry"]
[Result "0-1"]
[WhiteElo "2664"]
[BlackElo "2643"]
[PlyCount "70"]
[EventDate "2019.??.??"]

1. c4 c5 2. g3 g6 3. Bg2 Bg7 4. Nc3 Nc6 5. d3 d6 6. Bd2 Qd7 7. h4 h6 8. Nh3 b6
9. Nf4 Bb7 10. a3 e6 11. Rb1 Nge7 12. b4 Nd4 13. Kf1 O-O 14. Qc1 Rac8 15. b5
Bxg2+ 16. Kxg2 d5 17. f3 Rfd8 18. Be1 dxc4 19. dxc4 Qb7 20. Bf2 Rd7 21. a4 Rcd8
22. Re1 Nef5 23. Ne4 Nd6 24. Nxd6 Rxd6 25. Nh3 e5 26. e4 f5 27. Ng1 fxe4 28.
fxe4 Rf8 29. Rb2 Rdf6 30. Bxd4 exd4 31. Qc2 Qf7 32. e5 d3 33. Qd2 Rf1 34. Rxf1
Qxf1+ 35. Kh2 Bxe5 0-1

[Event "Kurnosov Memorial 2019"]
[Site "?"]
[Date "2019.09.08"]
[Round "10.3"]
[White "Ponkratov, Pavel"]
[Black "Harutjunyan, Gevorg"]
[Result "1-0"]
[WhiteElo "2669"]
[BlackElo "2484"]
[PlyCount "87"]
[EventDate "2019.??.??"]

1. e4 c5 2. Nf3 e6 3. d4 cxd4 4. Nxd4 a6 5. Be2 Nf6 6. Nc3 d6 7. f4 Be7 8. O-O
O-O 9. Kh1 Nbd7 10. Bf3 Qc7 11. g4 Rb8 12. g5 Ne8 13. a4 b6 14. f5 Ne5 15. Bg2
g6 16. Qe1 Bd7 17. f6 Bd8 18. Qh4 b5 19. axb5 axb5 20. Nce2 h5 21. Ra3 Kh7 22.
Rh3 Rh8 23. Nf4 Kg8 24. Qe1 Qa7 25. Nf3 Ng4 26. Nh4 Bb6 27. Ra3 Qc7 28. Nfxg6
fxg6 29. Nxg6 Rh7 30. Rc3 Qa7 31. Rcf3 Kf7 32. Nh4 Nexf6 33. g6+ Kg7 34. gxh7
Bc6 35. h3 Bxe4 36. hxg4 Bxf3 37. Rxf3 hxg4 38. Bh6+ Kxh6 39. Rxf6+ Kg5 40.
Rg6+ Kh5 41. Rg8 Bd4 42. Nf3 g3 43. Rg5+ Kh6 44. Qxe6+ 1-0

[Event "Kurnosov Memorial 2019"]
[Site "?"]
[Date "2019.09.08"]
[Round "11.1"]
[White "Bocharov, Dmitry"]
[Black "Ponkratov, Pavel"]
[Result "0-1"]
[WhiteElo "2643"]
[BlackElo "2669"]
[PlyCount "94"]
[EventDate "2019.??.??"]

1. Nf3 Nf6 2. c4 g6 3. d4 Bg7 4. g3 O-O 5. Bg2 d5 6. cxd5 Nxd5 7. O-O Nb6 8.
Nc3 Nc6 9. d5 Nb4 10. e4 c6 11. Qb3 Nd3 12. Be3 Bg4 13. dxc6 bxc6 14. Rad1 c5
15. Rd2 c4 16. Qc2 Qc8 17. Ne1 Nb4 18. Qb1 Rb8 19. a3 Nc6 20. Qc2 Rd8 21. Rxd8+
Qxd8 22. h3 Be6 23. Nf3 Qd3 24. Qc1 Bxc3 25. bxc3 Na4 26. Bd4 Nxd4 27. cxd4 Nc3
28. Kh2 Ne2 29. Qh6 f6 30. d5 Bf7 31. e5 Bxd5 32. exf6 exf6 33. Ne1 Qd4 34. Nc2
Qc5 35. Bxd5+ Qxd5 36. Ne3 Qf3 37. Qh4 c3 38. Qc4+ Kh8 39. Qc7 Rb7 40. Qd6 Kg7
41. a4 h5 42. a5 h4 43. a6 Rf7 44. gxh4 Nf4 45. Kg1 Nxh3+ 46. Kh2 Nxf2 47. Qg3
Qxe3 0-1

[Event "Kurnosov Memorial 2019"]
[Site "?"]
[Date "2019.09.08"]
[Round "11.2"]
[White "Movsesian, Sergei"]
[Black "Zhalmakhanov, Ramazan"]
[Result "1-0"]
[WhiteElo "2663"]
[BlackElo "2429"]
[PlyCount "83"]
[EventDate "2019.??.??"]

1. e4 c5 2. Nc3 d6 3. Nf3 Nf6 4. d4 cxd4 5. Qxd4 Nc6 6. Bb5 Bd7 7. Bxc6 Bxc6 8.
Bg5 e6 9. Qd3 Qa5 10. O-O-O Be7 11. h4 h6 12. Bd2 Ng4 13. Be1 Qc5 14. Nd4 Ne5
15. Qg3 Bf6 16. Nb3 Qb6 17. f4 Nc4 18. Bf2 Qc7 19. Bd4 a6 20. Bxf6 gxf6 21.
Rhe1 O-O-O 22. Qf2 Rhg8 23. g3 Qb6 24. Qe2 Na5 25. Rd3 Nxb3+ 26. axb3 Kb8 27.
Red1 Qc5 28. Qd2 Rc8 29. Kb1 Qb4 30. f5 e5 31. Re1 h5 32. Qh6 Bb5 33. Rde3 a5
34. Qxf6 Rc6 35. Qxf7 Rgc8 36. Qd5 Ba6 37. f6 a4 38. f7 a3 39. Rf3 Bc4 40. Qd2
Bxb3 41. cxb3 Qxb3 42. f8=Q 1-0